[Event "Budapest HUN"]
[Site "Budapest HUN"]
[Date "1995.??.??"]
[Round "?"]
[White "Wilhelmi, Christian"]
[Black "Eperjesi, Laszlo"]
[Result "1-0"]
[WhiteElo "2295"]
[BlackElo "2350"]
[PlyCount "87"]
[EventDate "1995.??.??"]
[Source "www.chesslib.no"]
[SourceDate "2004.05.04"]

1. c4 c5 2. Nc3 Nc6 3. g3 g6 4. Bg2 Bg7 5. Nf3 e5 6. d3 Nge7 7. a3 a5 8. O-O O-O 9. Ne1 d6 10. Nc2 Be6 11. Ne3 Rb8 12. Rb1 Qd7 13. Ned5 Bh3 14. Nb6 Qd8 15. Bxh3 Qxb6 16. Bg2 Qd8 17. Bd2 h6 18. Qa4 Nd4 19. e3 Ne6 20. b4 axb4 21. axb4 b6 22. bxc5 dxc5 23. Nd5 Qd6 24. Nxe7+ Qxe7 25. Rb3 Rfd8 26. Rfb1 Qd6 27. Qc6 Qf8 28. h4 Rd6 29. Qf3 f5 30. Qe2 Kh7 31. h5 g5 32. g4 Kh8 33. Bc3 fxg4 34. Qxg4 Qf6 35. Be4 Rf8 36. Bb2 Nc7 37. Kg2 Qd8 38. Rh1 Ne8 39. Qe6 Qc7 40. Rh3 Rd5 41. Qd6 Qd7 42. Bg6 Rxd3 43. Be4 Qf5 44. Qb8 1-0

[Event "Mind Sports Games - Blitz Team w"]
[Site "Pechino CINA"]
[Date "2008.10.13"]
[Round "11"]
[White "Caoili, A."]
[Black "Pogonina, N."]
[Result "0-1"]
[WhiteElo "2170"]
[BlackElo "2474"]
[PlyCount "66"]
[EventDate "2008.10.13"]
[Source "www.chesslib.no"]
[SourceDate "2004.05.04"]

1. c4 c5 2. Nc3 Nc6 3. g3 g6 4. Bg2 Bg7 5. Nf3 e5 6. O-O Nge7 7. Ne1 O-O 8. Nc2 d6 9. d3 Be6 10. Ne3 Qd7 11. a3 Bh3 12. Bd2 Bxg2 13. Kxg2 f5 14. Ned5 Nxd5 15. Nxd5 Ne7 16. Rc1 Nxd5 17. cxd5 f4 18. b4 b6 19. Qb3 Rf7 20. bxc5 bxc5 21. a4 Raf8 22. f3 h5 23. Qb5 Qf5 24. Rc4 Bh6 25. Qc6 Qf6 26. Rb1 g5 27. Rb7 g4 28. Rxf7 Rxf7 29. gxf4 gxf3+ 30. exf3 Rg7+ 31. Kf2 Qg6 32. Qc8+ Kh7 33. f5 Qg1+ 0-1

[Event "aut_ch03"]
[Site "?"]
[Date "2003.07.31"]
[Round "5"]
[White "Titz Heimo"]
[Black "Ragger Markus"]
[Result "1/2-1/2"]
[WhiteElo "2295"]
[BlackElo "2347"]
[PlyCount "117"]
[EventDate "2003.??.??"]
[Source "www.chesslib.no"]
[SourceDate "2004.05.04"]

1. c4 c5 2. Nc3 Nc6 3. g3 g6 4. Bg2 Bg7 5. Nf3 e5 6. O-O Nge7 7. d3 O-O 8. a3 d6 9. Rb1 a5 10. Bd2 Be6 11. Ng5 Bd7 12. Nge4 Nc8 13. Nd5 a4 14. e3 Na5 15. Bc3 Bc6 16. Bxa5 Qxa5 17. Nef6+ Kh8 18. f4 Qd8 19. fxe5 dxe5 20. Qd2 Ra6 21. Qf2 Nb6 22. g4 Nxd5 23. Bxd5 Bd7 24. Ne4 Bxg4 25. Nxc5 Rf6 26. Qg3 Bf5 27. Rbd1 b5 28. Ne4 Bxe4 29. dxe4 bxc4 30. Bxc4 Rxf1+ 31. Rxf1 Qb6 32. Rf2 Qc6 33. Bd5 Qc1+ 34. Kg2 Rb8 35. Bxf7 Rxb2 36. Qh3 Rxf2+ 37. Kxf2 Qxa3 38. Bxg6 Qf8+ 39. Bf5 Bh6 40. Ke2 a3 41. Be6 Bg7 42. Bd5 Qd6 43. Qc8+ Bf8 44. Qb7 Qf6 45. Bc4 Qg6 46. Kf2 h5 47. Qc8 Qf6+ 48. Ke2 Kg7 49. Qd7+ Kh6 50. Qd5 Kg5 51. Qg8+ Qg7 52. Qe6 Kh4 53. Kf2 Be7 54. Qd7 Kg5 55. Ke2 Kh6 56. Qe6+ Bf6 57. Kd3 Qf8 58. Kc3 Qe7 59. Qxe7 1/2-1/2

[Event "Mind Sports Games - Blitz Team w"]
[Site "Pechino CINA"]
[Date "2008.10.13"]
[Round "7"]
[White "Caoili, A."]
[Black "Harika, D."]
[Result "1/2-1/2"]
[WhiteElo "2170"]
[BlackElo "2461"]
[PlyCount "89"]
[EventDate "2008.10.13"]
[Source "www.chesslib.no"]
[SourceDate "2004.05.04"]

1. c4 c5 2. Nc3 Nc6 3. g3 g6 4. Bg2 Bg7 5. Nf3 e5 6. O-O Nge7 7. Nd5 O-O 8. d3 d6 9. Ne1 Rb8 10. a4 a6 11. Bg5 f6 12. Bd2 Kh8 13. Nc2 Nxd5 14. cxd5 Ne7 15. b4 b6 16. a5 b5 17. Be3 Bb7 18. bxc5 Bxd5 19. cxd6 Qxd6 20. Qd2 Bxg2 21. Kxg2 Nd5 22. Bh6 Rfc8 23. Bxg7+ Kxg7 24. Ne3 Nxe3+ 25. Qxe3 Qd5+ 26. Kg1 b4 27. Qa7+ Qb7 28. Qe3 b3 29. Rab1 b2 30. d4 exd4 31. Qxd4 Rd8 32. Qc3 Rd7 33. Qc5 Qc7 34. Qa3 Rd2 35. e4 Rb7 36. Qe3 Qd6 37. f4 Qd4 38. Qxd4 Rxd4 39. Rf2 Rxe4 40. Rfxb2 Rxb2 41. Rxb2 Ra4 42. Rb7+ Kh6 43. Rb6 Rxa5 44. Rxf6 Ra2 45. Rf7 1/2-1/2

[Event "TCh-AUT 1st Bundesliga 2007-8"]
[Site "Jenbach AUT"]
[Date "2008.01.13"]
[Round "7"]
[White "Titz, Hei"]
[Black "Lendwai, R."]
[Result "0-1"]
[WhiteElo "2205"]
[BlackElo "2423"]
[PlyCount "86"]
[EventDate "2008.01.10"]
[Source "www.chesslib.no"]
[SourceDate "2004.05.04"]

1. c4 c5 2. Nc3 Nc6 3. g3 g6 4. Bg2 Bg7 5. Nf3 e5 6. O-O Nge7 7. d3 O-O 8. a3 d6 9. Rb1 a5 10. Bd2 Rb8 11. Ne1 Be6 12. Nc2 d5 13. cxd5 Nxd5 14. Ne3 Nxe3 15. Bxe3 Nd4 16. Bxd4 exd4 17. Ne4 b6 18. h4 h6 19. Nd2 Re8 20. a4 Be5 21. b3 Kg7 22. Nc4 Bc7 23. Qd2 Qd7 24. e4 dxe3 25. Nxe3 Rbd8 26. Qb2+ Kh7 27. Rfd1 f5 28. Nf1 Bf7 29. Qc2 Be5 30. Bf3 Bd4 31. Rd2 f4 32. Kg2 Bd5 33. Qd1 Bc3 34. Rbb2 Bxb2 35. Rxb2 Qf5 36. Rd2 fxg3 37. fxg3 Bxf3+ 38. Qxf3 Qxf3+ 39. Kxf3 Re1 40. Nh2 Rb1 41. Ng4 Rxb3 42. Ne5 Kg7 43. Ke3 Re8 0-1

[Event "CRO Team Ch"]
[Site "Makarska"]
[Date "1994.??.??"]
[Round "6"]
[White "Bertok, Mario"]
[Black "Vlasic, Nenad"]
[Result "1/2-1/2"]
[WhiteElo "2310"]
[BlackElo "2315"]
[PlyCount "45"]
[EventDate "1994.??.??"]
[Source "www.chesslib.no"]
[SourceDate "2004.05.04"]

1. c4 c5 2. Nc3 Nc6 3. g3 g6 4. Bg2 Bg7 5. Nf3 e5 6. d3 Nge7 7. O-O O-O 8. Ne1 d6 9. a3 Be6 10. Nd5 Rb8 11. Bg5 f6 12. Bd2 f5 13. Rb1 a5 14. Nc2 b5 15. b4 axb4 16. axb4 bxc4 17. dxc4 cxb4 18. Ncxb4 e4 19. Bg5 Bxd5 20. Nxd5 Rxb1 21. Qxb1 h6 22. Bxe7 Nxe7 23. Qb5 1/2-1/2

[Event "Abony tn ABO/19"]
[Site "Abony tn ABO/19"]
[Date "1985.??.??"]
[Round "?"]
[White "Curtacci, Sergio"]
[Black "Barnard, Bruce F"]
[Result "1-0"]
[WhiteElo "2340"]
[BlackElo "2275"]
[PlyCount "103"]
[EventDate "1985.??.??"]
[Source "www.chesslib.no"]
[SourceDate "2004.05.04"]

1. c4 c5 2. Nc3 Nc6 3. g3 g6 4. Bg2 Bg7 5. Nf3 e5 6. O-O Nge7 7. d3 O-O 8. a3 d6 9. Rb1 a5 10. Bg5 h6 11. Bxe7 Nxe7 12. Nd2 Nc6 13. Nd5 Bg4 14. Ne4 f5 15. Nec3 f4 16. h3 Be6 17. Nb5 Bxd5 18. Bxd5+ Kh7 19. Nc3 fxg3 20. fxg3 Qd7 21. Kg2 Rxf1 22. Qxf1 Rf8 23. Qe1 Ne7 24. Be4 b6 25. e3 b5 26. Qe2 b4 27. axb4 axb4 28. Nd5 Nxd5 29. cxd5 Qe8 30. Qg4 Qf7 31. h4 Qf2+ 32. Kh3 Rf6 33. h5 Kh8 34. hxg6 Qxe3 35. Ra1 Rf8 36. Ra7 Qg5 37. Qxg5 hxg5 38. Kg4 Rd8 39. Kxg5 b3 40. Rb7 Kg8 41. Rxb3 Rf8 42. Rb7 Rd8 43. Bf5 Kh8 44. Be6 Rf8 45. Bf7 Rd8 46. b4 cxb4 47. Rxb4 e4 48. dxe4 Be5 49. Rb7 Bg7 50. Be6 Rf8 51. Rd7 Rf3 52. Bf5 1-0

[Event "corr M.049 IECG"]
[Site "?"]
[Date "1998.??.??"]
[Round "?"]
[White "Baker, Dennis"]
[Black "Brueckner, Joachim"]
[Result "0-1"]
[WhiteElo "2200"]
[BlackElo "2410"]
[PlyCount "24"]
[EventDate "1998.??.??"]
[Source "www.chesslib.no"]
[SourceDate "2004.05.04"]

1. c4 c5 2. Nc3 Nc6 3. g3 g6 4. Bg2 Bg7 5. Nf3 e5 6. a3 a5 7. O-O d6 8. Ne1 Nge7 9. Nc2 O-O 10. Ne3 Be6 11. d3 Rb8 12. Bd2 Nd4 0-1

[Event "It (Men) Budapest HUN"]
[Site "?"]
[Date "2004.02.14"]
[Round "7"]
[White "Brustkern Juergen"]
[Black "Werner Dimo"]
[Result "1/2-1/2"]
[WhiteElo "2246"]
[BlackElo "2349"]
[PlyCount "33"]
[EventDate "2004.??.??"]
[Source "www.chesslib.no"]
[SourceDate "2004.05.04"]

1. c4 c5 2. Nc3 Nc6 3. g3 g6 4. Bg2 Bg7 5. Nf3 e5 6. d3 Nge7 7. O-O O-O 8. Ne1 d6 9. Nc2 Be6 10. Ne3 Qd7 11. Rb1 Bh3 12. a3 Bxg2 13. Kxg2 f5 14. Ned5 Nxd5 15. Nxd5 h6 16. f4 Rae8 17. b4 1/2-1/2

[Event "Aarhus Open"]
[Site "Aarhus DEN"]
[Date "1990.??.??"]
[Round "4"]
[White "Hansen, Carsten"]
[Black "Vinther-Schou, Uffe V"]
[Result "1/2-1/2"]
[WhiteElo "2305"]
[BlackElo "2285"]
[PlyCount "38"]
[EventDate "1990.??.??"]
[Source "www.chesslib.no"]
[SourceDate "2004.05.04"]

1. c4 c5 2. Nc3 Nc6 3. g3 g6 4. Bg2 Bg7 5. Nf3 e5 6. Rb1 Nge7 7. a3 a5 8. O-O O-O 9. d3 d6 10. Bd2 h6 11. Ne1 Be6 12. Nc2 d5 13. cxd5 Nxd5 14. Ne3 Nde7 15. Na4 b6 16. b4 cxb4 17. axb4 Ra7 18. bxa5 bxa5 19. Nc5 Bc8 1/2-1/2

[Event "Budapest HUN"]
[Site "?"]
[Date "2006.03.12"]
[Round "7"]
[White "Eperjesi Laszlo"]
[Black "Pirisi Gabor"]
[Result "1/2-1/2"]
[WhiteElo "2268"]
[BlackElo "2298"]
[PlyCount "32"]
[EventDate "2006.??.??"]
[Source "www.chesslib.no"]
[SourceDate "2004.05.04"]

1. c4 c5 2. Nc3 Nc6 3. g3 g6 4. Bg2 Bg7 5. Nf3 e5 6. d3 Nge7 7. O-O O-O 8. Ne1 d6 9. Nc2 Be6 10. Ne3 Rb8 11. Ncd5 Bxd5 12. Nxd5 Nxd5 13. Bxd5 Ne7 14. Bg2 d5 15. cxd5 Nxd5 16. Bxd5 Qxd5 1/2-1/2

[Event "Gausdal Jubilee"]
[Site "Gausdal"]
[Date "1982.??.??"]
[Round "9"]
[White "Kraehenbuehl, Gerhard"]
[Black "Catalan, Toufeeq"]
[Result "1-0"]
[WhiteElo "2305"]
[BlackElo "2255"]
[PlyCount "47"]
[EventDate "1982.04.??"]
[Source "ChessBase"]

1. c4 c5 2. Nc3 Nc6 3. g3 g6 4. Bg2 Bg7 5. Nf3 e5 6. d3 Nge7 7. Rb1 O-O 8. a3 a5 9. Bg5 h6 10. Bxe7 Nxe7 11. Nd2 f5 12. Nd5 d6 13. b4 axb4 14. axb4 Rb8 15. bxc5 dxc5 16. Rb6 Nxd5 17. Bxd5+ Kh7 18. Qb3 Rf6 19. Rxf6 Bxf6 20. O-O Qd6 21. Rb1 Bd8 22. Qa4 Bd7 23. Qa7 b5 24. Be6 1-0

[Event "Alcobendas c"]
[Site "?"]
[Date "1993.??.??"]
[Round "?"]
[White "Gonzalez, L."]
[Black "Del Rio, G."]
[Result "0-1"]
[WhiteElo "2300"]
[BlackElo "2255"]
[PlyCount "78"]
[EventDate "1993.??.??"]
[Source "www.chesslib.no"]
[SourceDate "2004.05.04"]

1. c4 c5 2. Nc3 Nc6 3. g3 g6 4. Bg2 Bg7 5. Nf3 e5 6. a3 d6 7. Rb1 a5 8. O-O Nge7 9. Ne1 Be6 10. Nd5 O-O 11. d3 Rb8 12. Bg5 h6 13. Bxe7 Nxe7 14. Nc2 b5 15. Nce3 h5 16. cxb5 Rxb5 17. Qa4 Bd7 18. Nxe7+ Qxe7 19. Nd5 Qd8 20. Qc4 Qb8 21. b3 Be6 22. Qa4 Rb7 23. Rfc1 Kh7 24. Ne3 Rxb3 25. Rxb3 Qxb3 26. Qxa5 Qb2 27. Rc2 Qa1+ 28. Nf1 Rb8 29. e4 Rb1 30. Qc3 Bh6 31. h3 Bd7 32. Qc4 Be6 33. Qa6 Re1 34. Qxd6 Rxf1+ 35. Bxf1 Bxh3 36. Kh2 Qxf1 37. f3 Be3 38. Qxe5 Bg1+ 39. Kh1 Bf2+ 0-1

[Event "RUS-ch 1L (Women)"]
[Site "Orsk"]
[Date "2000.??.??"]
[Round "4"]
[White "Trofimova, Antonina"]
[Black "Galianina Ryjanova, Julia"]
[Result "0-1"]
[WhiteElo "2231"]
[BlackElo "2307"]
[PlyCount "114"]
[EventDate "2000.??.??"]
[Source "www.chesslib.no"]
[SourceDate "2004.05.04"]

1. c4 c5 2. Nc3 Nc6 3. g3 g6 4. Bg2 Bg7 5. Nf3 e5 6. a3 d6 7. Rb1 a5 8. O-O Nge7 9. d3 O-O 10. Ne1 Be6 11. Nc2 d5 12. cxd5 Nxd5 13. Ne3 Nce7 14. Nc4 Rb8 15. Bd2 b6 16. b4 axb4 17. Nxd5 Nxd5 18. axb4 Nxb4 19. Bxb4 cxb4 20. Rxb4 b5 21. Ne3 Qa5 22. Qb1 Rfc8 23. Bd5 Bxd5 24. Nxd5 Bf8 25. Rb3 b4 26. Nf6+ Kg7 27. Nd7 Rb7 28. Nxf8 Kxf8 29. Rc1 Rxc1+ 30. Qxc1 Kg7 31. Qc4 Qa1+ 32. Kg2 Qd4 33. Qxd4 exd4 34. e4 Kf6 35. Kf1 Ke6 36. Ke2 Kd6 37. Rb1 b3 38. Rc1 Ra7 39. Rc4 Ra2+ 40. Kf3 Rc2 41. Rxd4+ Kc5 42. Rd7 Kc6 43. Rd8 Kb5 44. Ke3 b2 45. Rb8+ Ka4 46. Rb7 Ka3 47. Ra7+ Kb3 48. Rxf7 Rc3 49. Rb7+ Kc2 50. Rxb2+ Kxb2 51. Kd2 Rc2+ 52. Ke3 Kc3 53. d4 Kc4 54. d5 Kc5 55. h4 Kd6 56. g4 Ke5 57. f4+ Kd6 0-1

[Event "RLP Ch"]
[Site "Saarburg"]
[Date "1995.??.??"]
[Round "?"]
[White "Apsner, Burkhard"]
[Black "Zimmer, Ralph"]
[Result "1/2-1/2"]
[WhiteElo "2275"]
[BlackElo "2260"]
[PlyCount "88"]
[EventDate "1995.??.??"]
[Source "www.chesslib.no"]
[SourceDate "2004.05.04"]

1. c4 c5 2. Nc3 Nc6 3. g3 g6 4. Bg2 Bg7 5. Nf3 e5 6. O-O Nge7 7. d3 O-O 8. Bd2 d6 9. a3 f5 10. Rb1 a5 11. h4 h6 12. b3 Be6 13. Qc1 Rc8 14. Ne1 f4 15. Ne4 Qd7 16. Qd1 Nd4 17. Nf3 Nxf3+ 18. Bxf3 b6 19. Kh2 d5 20. cxd5 Bxd5 21. e3 fxg3+ 22. fxg3 Be6 23. Nf2 Rf7 24. Qe2 Rcf8 25. Bg2 Rd8 26. Bc3 Nd5 27. Ba1 Ne7 28. Rfd1 Rdf8 29. Rf1 Bd5 30. Ne4 Rxf1 31. Rxf1 Rxf1 32. Qxf1 Nf5 33. Qf2 Bxb3 34. g4 Ne7 35. Nf6+ Bxf6 36. Qxf6 Qe6 37. Bxe5 Qxf6 38. Bxf6 Kf7 39. Be5 b5 40. Bc7 a4 41. Ba5 Ke6 42. Bc3 Bd1 43. Kg3 Bc2 44. d4 cxd4 1/2-1/2

[Event "Caorle Open"]
[Site "Caorle ITA"]
[Date "1984.??.??"]
[Round "4"]
[White "Shapiro, Oscar"]
[Black "Ljubisavljevic, Zivojin Z"]
[Result "0-1"]
[WhiteElo "2200"]
[BlackElo "2330"]
[PlyCount "72"]
[EventDate "1984.??.??"]
[Source "www.chesslib.no"]
[SourceDate "2004.05.04"]

1. c4 c5 2. Nc3 Nc6 3. g3 g6 4. Bg2 Bg7 5. Nf3 e5 6. e4 d6 7. Nd5 Nge7 8. h3 f5 9. d3 O-O 10. O-O Nxd5 11. cxd5 Ne7 12. Bd2 Bd7 13. Kh2 b5 14. Nh4 f4 15. Nf3 a5 16. gxf4 exf4 17. Bc3 h6 18. Bxg7 Kxg7 19. Qe2 Rc8 20. b3 g5 21. Rg1 Ng6 22. Qb2+ Qf6 23. Qxf6+ Kxf6 24. Bf1 Ne5 25. Nxe5 Kxe5 26. f3 a4 27. Rg2 Ra8 28. Rb1 axb3 29. axb3 b4 30. h4 Rg8 31. Rd1 g4 32. fxg4 Rxg4 33. d4+ cxd4 34. Rc1 Rxg2+ 35. Kxg2 Ra2+ 36. Kf3 h5 0-1

[Event "BL2-S 8889"]
[Site "GER"]
[Date "1989.??.??"]
[Round "?"]
[White "Birke, Matthias"]
[Black "Jell, Klaus"]
[Result "1/2-1/2"]
[WhiteElo "2290"]
[BlackElo "2240"]
[PlyCount "55"]
[EventDate "1988.10.??"]
[Source "www.chesslib.no"]
[SourceDate "2004.05.04"]

1. c4 c5 2. Nc3 Nc6 3. g3 g6 4. Bg2 Bg7 5. Nf3 e5 6. O-O Nge7 7. a3 O-O 8. Rb1 a5 9. d3 d6 10. Ne1 Be6 11. Nd5 f5 12. Bd2 Rb8 13. b4 axb4 14. axb4 b5 15. Nxe7+ Nxe7 16. cxb5 Rxb5 17. bxc5 Rxc5 18. Be3 Rc3 19. Bb6 Qc8 20. Ba5 Ra3 21. Bb4 Ra6 22. Bd2 d5 23. Nf3 e4 24. Ng5 h6 25. Nxe6 Qxe6 26. Qb3 Rfa8 27. dxe4 dxe4 28. Qxe6+ 1/2-1/2

[Event "Manresa op"]
[Site "Manresa"]
[Date "1996.??.??"]
[Round "3"]
[White "Rocabert, Guillem A"]
[Black "Gomez, Adalberto"]
[Result "0-1"]
[WhiteElo "2230"]
[BlackElo "2300"]
[PlyCount "95"]
[EventDate "1996.??.??"]
[Source "www.chesslib.no"]
[SourceDate "2004.05.04"]

1. c4 c5 2. Nc3 Nc6 3. g3 g6 4. Bg2 Bg7 5. Nf3 e5 6. Rb1 d6 7. a3 a5 8. Qa4 Nge7 9. d3 O-O 10. O-O h6 11. Nd5 Nxd5 12. cxd5 Ne7 13. Nd2 Bd7 14. Qc2 b5 15. b3 f5 16. Bb2 a4 17. f4 axb3 18. Qxb3 Qa5 19. Bc1 exf4 20. gxf4 Bd4+ 21. Kh1 Be3 22. Qc2 Bxd2 23. Bxd2 Qxa3 24. Bc3 b4 25. Bb2 Qa4 26. Qd2 Kh7 27. Bf3 Qb5 28. Ba1 Ng8 29. e4 Ra3 30. Qb2 Rc3 31. Be2 Qa4 32. Rbc1 Nf6 33. Rxc3 bxc3 34. Qxc3 fxe4 35. dxe4 Qxe4+ 36. Bf3 Qb4 37. Qxb4 cxb4 38. Rb1 Bg4 39. Bxg4 Nxg4 40. Rxb4 g5 41. Rb7+ Kg6 42. Rd7 Rxf4 43. Rxd6+ Kh5 44. Ra6 Rf1+ 45. Kg2 Ne3+ 46. Kg3 g4 47. h4 Rf3+ 48. Kh2 0-1

[Event "Eikrem mem"]
[Site "Gausdal"]
[Date "1996.??.??"]
[Round "2"]
[White "Hansen, Torbjorn R"]
[Black "Bator, Robert"]
[Result "0-1"]
[WhiteElo "2080"]
[BlackElo "2445"]
[PlyCount "118"]
[EventDate "1996.08.??"]
[Source "ChessBase"]

1. c4 c5 2. Nc3 Nc6 3. g3 g6 4. Bg2 Bg7 5. Nf3 e5 6. d3 Nge7 7. Nd2 d6 8. Nf1 Rb8 9. Ne3 a6 10. Ned5 Nxd5 11. Nxd5 O-O 12. h4 h5 13. Bg5 f6 14. Bd2 b5 15. b3 Ne7 16. O-O Nxd5 17. Bxd5+ Kh7 18. a4 b4 19. Qc2 f5 20. Bg5 Qd7 21. Rae1 f4 22. Bg2 Bf6 23. Bxf6 Rxf6 24. Qd1 Qf7 25. Kh2 Bg4 26. Bh3 Rf8 27. f3 fxg3+ 28. Kxg3 Bxh3 29. Kxh3 Rf4 30. Kg3 Qf6 31. Rh1 Rg4+ 32. Kf2 Rxh4 33. e3 Rg4 34. Rh3 Kg7 35. Rg1 Qg5 36. Rhg3 Qh4 37. Qf1 Rf5 38. Qg2 Rxg3 39. Qxg3 Qxg3+ 40. Rxg3 Kh6 41. Rh3 g5 42. Ke2 Kg6 43. Rg3 Rf8 44. Rg1 Kf5 45. Rh1 Rh8 46. Kf2 g4 47. fxg4+ Kxg4 48. Rg1+ Kf5 49. Kf3 h4 50. Rh1 h3 51. Kg3 e4 52. d4 Rg8+ 53. Kxh3 cxd4 54. exd4 e3 55. Rc1 Ke4 56. c5 e2 57. c6 Kf3 58. Kh4 Kf2 59. c7 e1=Q 0-1

[Event "Leinfelder Schachtage op 2nd"]
[Site "?"]
[Date "2000.??.??"]
[Round "5"]
[White "Jurasin Marin"]
[Black "Lindemann Stefan"]
[Result "1/2-1/2"]
[WhiteElo "2159"]
[BlackElo "2335"]
[PlyCount "106"]
[EventDate "2000.??.??"]
[Source "www.chesslib.no"]
[SourceDate "2004.05.04"]

1. c4 c5 2. Nc3 Nc6 3. g3 g6 4. Bg2 Bg7 5. Nf3 e5 6. O-O d6 7. a3 Nge7 8. Rb1 a5 9. d3 O-O 10. Bg5 f6 11. Bd2 Be6 12. Nb5 d5 13. cxd5 Nxd5 14. Qc1 b6 15. Bh6 Rc8 16. Bxg7 Kxg7 17. Nd2 Nd4 18. Nxd4 cxd4 19. Qd1 b5 20. a4 b4 21. Nc4 Rc5 22. Rc1 Nb6 23. b3 Nd5 24. Bxd5 Bxd5 25. Qd2 Qe7 26. f3 Qe6 27. e3 Bxc4 28. dxc4 Rd8 29. Rce1 Qb6 30. exd4 Rxd4 31. Qc2 Rc7 32. Kg2 Rcd7 33. Rd1 Qd8 34. Rxd4 Rxd4 35. Rf2 Rd3 36. h4 Qd4 37. Qb2 Qxb2 38. Rxb2 Kf7 39. Kf2 Ke6 40. Ke2 e4 41. fxe4 Rxg3 42. Rc2 Rxb3 43. c5 Kd7 44. c6+ Kc7 45. Rc5 Rh3 46. Rxa5 Rxh4 47. Kd3 b3 48. Kd4 b2 49. Rb5 f5 50. Kd5 Rxe4 51. Rxb2 Rxa4 52. Rb7+ Kd8 53. Rxh7 Ra1 1/2-1/2

[Event "AUT-chT2W 9899"]
[Site "Austria"]
[Date "1998.10.18"]
[Round "2.3"]
[White "Heilinger, Dietmar"]
[Black "Kleissl, Helmut"]
[Result "0-1"]
[WhiteElo "2180"]
[BlackElo "2300"]
[PlyCount "56"]
[EventDate "1998.10.??"]
[Source "www.chesslib.no"]
[SourceDate "2004.05.04"]

1. c4 c5 2. Nc3 Nc6 3. g3 g6 4. Bg2 Bg7 5. Nf3 e5 6. O-O Nge7 7. d3 O-O 8. a3 h6 9. Rb1 a5 10. Ne1 d6 11. Nc2 Be6 12. b4 axb4 13. axb4 cxb4 14. Nxb4 Nxb4 15. Rxb4 d5 16. Rxb7 Ra1 17. Nxd5 Nxd5 18. cxd5 Bxd5 19. Bxd5 Qxd5 20. Qb3 Qc6 21. Rb6 Qa8 22. Rb7 Kh7 23. e4 f5 24. Bb2 Ra7 25. Rxa7 Qxa7 26. Ra1 Qd7 27. Ra6 fxe4 28. dxe4 Qd2 0-1

[Event "Najdorf mem op"]
[Site "Buenos Aires"]
[Date "1999.??.??"]
[Round "7"]
[White "Idigoras, Alejandro"]
[Black "Albarran, Gustavo"]
[Result "1-0"]
[WhiteElo "2286"]
[BlackElo "2194"]
[PlyCount "45"]
[EventDate "1999.09.21"]
[Source "www.chesslib.no"]
[SourceDate "2004.05.04"]

1. c4 c5 2. Nc3 Nc6 3. g3 g6 4. Bg2 Bg7 5. Nf3 e5 6. O-O Nge7 7. a3 a6 8. b4 cxb4 9. axb4 Nxb4 10. Ba3 Nbc6 11. Ng5 f5 12. Bd5 Nxd5 13. cxd5 Nd4 14. e3 Qxg5 15. exd4 e4 16. Qb3 Bxd4 17. Rae1 Kf7 18. d6+ Kg7 19. Nxe4 fxe4 20. Rxe4 Bf6 21. Bb2 Rf8 22. Re7+ Kh8 23. Rf7 1-0

[Event "Mala mem op"]
[Site "Griesheim"]
[Date "1998.08.08"]
[Round "5"]
[White "Wallrabenstein, Udo"]
[Black "Solonar, Stephan"]
[Result "1/2-1/2"]
[WhiteElo "2145"]
[BlackElo "2315"]
[PlyCount "50"]
[EventDate "1998.??.??"]
[Source "www.chesslib.no"]
[SourceDate "2004.05.04"]

1. c4 c5 2. Nc3 Nc6 3. g3 g6 4. Bg2 Bg7 5. Nf3 e5 6. O-O Nge7 7. d3 O-O 8. a3 d6 9. Rb1 f5 10. Bd2 a5 11. Ne1 Be6 12. Nc2 d5 13. cxd5 Nxd5 14. Nxd5 Bxd5 15. Bxd5+ Qxd5 16. b4 cxb4 17. axb4 a4 18. b5 Ne7 19. Na3 e4 20. Bb4 Rfe8 21. dxe4 Qxe4 22. Qd2 Rad8 23. Qa2+ Qd5 24. Qc2 Ra8 25. Rfd1 Qe5 1/2-1/2

[Event "ESP-ch op-A"]
[Site "Cala Mendia"]
[Date "2001.11.21"]
[Round "5"]
[White "Gonzalez Aguirre, Luis"]
[Black "Ayza Ballester, Jordi"]
[Result "0-1"]
[WhiteElo "2164"]
[BlackElo "2278"]
[PlyCount "124"]
[EventDate "2001.11.17"]
[Source "ChessBase"]
[SourceDate "2002.01.21"]

1. c4 c5 2. Nc3 Nc6 3. g3 g6 4. Bg2 Bg7 5. Nf3 e5 6. O-O Nge7 7. Ne1 O-O 8. Nc2 d6 9. d3 Rb8 10. Rb1 b6 11. Ne3 Bb7 12. Ned5 Qd7 13. Bg5 f6 14. Bd2 h6 15. a3 Kh7 16. Nxe7 Nxe7 17. Bxb7 Rxb7 18. e4 f5 19. b4 f4 20. f3 fxg3 21. hxg3 Qh3 22. Be1 cxb4 23. axb4 Nc6 24. Rb2 Rbf7 25. Rh2 Qd7 26. Nd5 Nd4 27. Rhf2 Qh3 28. Rh2 Rxf3 29. Rxh3 Rxf1+ 30. Kg2 R8f2+ 31. Bxf2 Rxd1 32. Rh1 Rxd3 33. Ra1 Nc6 34. b5 Na5 35. Be1 Nxc4 36. Rxa7 Ne3+ 37. Nxe3 Rxe3 38. Bf2 Rb3 39. Rd7 Rxb5 40. Rxd6 Rb4 41. Kf3 b5 42. Bc5 Rb3+ 43. Kf2 Rc3 44. Rd5 Rc4 45. Kf3 b4 46. Bd6 Rc3+ 47. Kf2 Rc4 48. Kf3 b3 49. Rb5 Rc3+ 50. Kf2 Rc2+ 51. Kf3 b2 52. Rb7 h5 53. g4 Rd2 54. Bb8 hxg4+ 55. Kxg4 Rf2 56. Ba7 Rf7 57. Rxb2 Rxa7 58. Kg5 Bh6+ 59. Kf6 Ra6+ 60. Kf7 Bf4 61. Rb1 Kh6 62. Rb8 Kg5 0-1

[Event "Rheinhessen-ch MT1"]
[Site "Woerrstadt"]
[Date "1999.03.27"]
[Round "1"]
[White "Orban, Andreas"]
[Black "Haasler, Andreas"]
[Result "1-0"]
[WhiteElo "2215"]
[BlackElo "2219"]
[PlyCount "80"]
[EventDate "1999.03.27"]
[Source "www.chesslib.no"]
[SourceDate "2004.05.04"]

1. c4 c5 2. Nc3 Nc6 3. g3 g6 4. Bg2 Bg7 5. Nf3 e5 6. O-O Nge7 7. d3 O-O 8. Bd2 d6 9. Rb1 a5 10. a3 h6 11. Ne1 Be6 12. Nd5 Rb8 13. Nc2 b5 14. b3 b4 15. a4 f5 16. f4 exf4 17. gxf4 Bf7 18. e4 Bxd5 19. cxd5 Nd4 20. Ne3 Kh7 21. Nc4 Re8 22. Be3 Nc8 23. Kh1 Ra8 24. Bxd4 Bxd4 25. exf5 gxf5 26. Qh5 Rg8 27. Qxf5+ Kh8 28. Be4 Ra7 29. Qh5 Qf6 30. Nd2 Be3 31. Nf3 Qxf4 32. Nh4 Qg5 33. Ng6+ Kg7 34. Qf3 Nb6 35. h4 Qd8 36. Qxe3 Re8 37. Qg3 Rg8 38. Ne7+ Kh8 39. Qxg8+ Qxg8 40. Nxg8 Kxg8 1-0

[Event "Pfalz Ch"]
[Site "Waldfischbach"]
[Date "1995.??.??"]
[Round "?"]
[White "Vautrin, Stefan"]
[Black "Stock, Andreas"]
[Result "1/2-1/2"]
[WhiteElo "2240"]
[BlackElo "2165"]
[PlyCount "37"]
[EventDate "1995.??.??"]
[Source "www.chesslib.no"]
[SourceDate "2004.05.04"]

1. c4 c5 2. Nc3 Nc6 3. g3 g6 4. Bg2 Bg7 5. Nf3 e5 6. O-O Nge7 7. d3 O-O 8. Ne1 d6 9. Nc2 Be6 10. Ne3 Qd7 11. Ned5 Bh3 12. Bh6 Bxg2 13. Kxg2 Nxd5 14. Nxd5 Ne7 15. Bxg7 Kxg7 16. e4 Nxd5 17. cxd5 f5 18. f4 Rae8 19. Qf3 1/2-1/2

[Event "SVK-chT3C 9900"]
[Site "SVK"]
[Date "2000.??.??"]
[Round "?"]
[White "Szamos, Alexander"]
[Black "Zavarsky, Juraj"]
[Result "1-0"]
[WhiteElo "2175"]
[BlackElo "2213"]
[PlyCount "108"]
[EventDate "1999.??.??"]
[Source "www.chesslib.no"]
[SourceDate "2004.05.04"]

1. c4 c5 2. Nc3 Nc6 3. g3 g6 4. Bg2 Bg7 5. Nf3 e5 6. O-O Nge7 7. d3 d6 8. Rb1 O-O 9. a3 f5 10. Bd2 h6 11. b4 cxb4 12. axb4 g5 13. e3 Ng6 14. b5 Nce7 15. Qb3 Kh8 16. Bc1 g4 17. Nd2 f4 18. exf4 exf4 19. Re1 f3 20. Bf1 Nf5 21. Nde4 Nd4 22. Qa2 Ne7 23. Bf4 Nef5 24. Rbc1 Ne6 25. Bd2 Nc5 26. Nd5 Be6 27. Nxc5 Bxd5 28. Ne6 Bxe6 29. Rxe6 Nd4 30. Re4 Qd7 31. Bc3 Nf5 32. Rxg4 Bxc3 33. Rxc3 Ne3 34. Rh4 Qg7 35. Rc1 Nxf1 36. Kxf1 a6 37. b6 Rae8 38. Qd2 Rf6 39. Re1 Rxe1+ 40. Qxe1 Qd7 41. Qc3 Qg7 42. Re4 d5 43. Re8+ Kh7 44. c5 Qg6 45. Re7+ Kg8 46. Qd4 Qf5 47. g4 Qg5 48. h4 Rf4 49. hxg5 Rxd4 50. c6 bxc6 51. b7 Rb4 52. Re8+ Kf7 53. b8=Q Rxb8 54. Rxb8 hxg5 1-0